[Event "AUT-ch"]
[Site "Jenbach"]
[Date "2009.08.02"]
[Round "9"]
[White "Albadri, Abd Al Sattar"]
[Black "Berchtold, Clemens"]
[Result "1-0"]
[WhiteElo "2174"]
[BlackElo "2057"]
[PlyCount "55"]
[EventDate "2009.07.25"]
[EventType "swiss"]
[EventRounds "9"]
[EventCountry "AUT"]
[SourceTitle "CBM 131 Extra"]
[Source "ChessBase"]
[SourceDate "2009.09.03"]
[SourceVersion "2"]
[SourceVersionDate "2009.09.16"]
[SourceQuality "1"]

1. d4 Nf6 2. c4 g6 3. Nc3 Bg7 4. e4 d6 5. Nf3 0-0 6. Be2 e5 7. 0-0 Na6 8. Re1 c6 9. h3 Qb6 10. c5 dxc5 11. dxe5 Nd7 12. e6 fxe6 13. Na4 Qc7 14. Ng5 Bd4 15. Nxe6 Bxf2+ 16. Kh1 Qg3 17. Nxf8 Bxe1 18. Nxd7 Ba5 19. Bxa6 Bxd7 20. Qb3+ Qxb3 21. axb3 bxa6 22. Nxc5 Bb4 23. Nxd7 Rd8 24. Nf6+ Kf7 25. Bg5 h6 26. Nd5 Rxd5 27. exd5 hxg5 28. dxc6 1-0

[Event "AUT-ch"]
[Site "Jenbach"]
[Date "2009.07.27"]
[Round "3"]
[White "Albadri, Abd Al Sattar"]
[Black "Neubauer, Anton"]
[Result "1/2-1/2"]
[WhiteElo "2174"]
[BlackElo "2003"]
[PlyCount "118"]
[EventDate "2009.07.25"]
[EventType "swiss"]
[EventRounds "9"]
[EventCountry "AUT"]
[SourceTitle "CBM 131 Extra"]
[Source "ChessBase"]
[SourceDate "2009.09.03"]
[SourceVersion "2"]
[SourceVersionDate "2009.09.16"]
[SourceQuality "1"]

1. e4 e6 2. d4 d5 3. Nd2 Nf6 4. e5 Nfd7 5. Bd3 c5 6. c3 Nc6 7. Ngf3 Qb6 8. 0-0 cxd4 9. cxd4 Nxd4 10. Nxd4 Qxd4 11. Nf3 Qb6 12. Qc2 g6 13. Be3 Qd8 14. Rac1 Be7 15. Bh6 Nc5 16. Bb5+ Bd7 17. Nd4 a6 18. Bxd7+ Nxd7 19. Nf3 Nb6 20. Qb3 Rb8 21. Rfd1 Nc8 22. Qa4+ Qd7 23. Qf4 Rg8 24. h4 Na7 25. Ng5 Bxg5 26. Bxg5 Nc6 27. Bf6 h5 28. Qh6 Qc7 29. Qh7 Rf8 30. Bg7 Qe7 31. Bxf8 Qxf8 32. f4 Kd7 33. a3 Rd8 34. b4 Ke8 35. Rc5 Rd7 36. g4 Kd8 37. Kg2 Kc7 38. Rd3 Kd8 39. Rg3 hxg4 40. h5 f5 41. Qxg6 Qf7 42. Qg5+ Kc7 43. h6 Rd8 44. Rc1 Rg8 45. Qh4 Qh7 46. Rd3 Rg6 47. Rh1 Kd7 48. Rh2 Kc7 49. Rd1 Kb8 50. Qh5 Ne7 51. a4 Rg8 52. b5 axb5 53. axb5 Rc8 54. Rd3 Ng6 55. Rd4 Rc2+ 56. Kg3 Rc3+ 57. Kg2 Rc2+ 58. Kg3 Rc3+ 59. Kg2 Rc2+ 1/2-1/2

[Event "Olympiad-38"]
[Site "Dresden"]
[Date "2008.11.21"]
[Round "8"]
[White "Heimann, Andreas"]
[Black "Albadri, Abd Al Sattar"]
[Result "1-0"]
[WhiteElo "2428"]
[BlackElo "2163"]
[PlyCount "70"]
[EventDate "2008.11.13"]
[EventType "team-swiss"]
[EventRounds "11"]
[EventCountry "GER"]
[SourceTitle "CBM 128"]
[Source "ChessBase"]
[SourceDate "2009.01.28"]
[SourceVersion "1"]
[SourceVersionDate "2009.01.28"]
[SourceQuality "1"]
[WhiteTeam "Germany III"]
[BlackTeam "Iraq"]
[WhiteTeamCountry "GER"]
[BlackTeamCountry "IRQ"]

1. e4 e6 2. d4 d5 3. Nc3 dxe4 4. Nxe4 Nd7 5. Nf3 Be7 6. Bd3 Ngf6 7. Qe2 0-0 8. Bg5 c5 9. dxc5 Nxc5 10. Nxc5 Bxc5 11. 0-0-0 Qc7 12. Kb1 Be7 13. Ne5 b6 14. h4 Bb7 15. Rh3 Rfd8 16. Re1 Rac8 17. Rg3 Rd4 18. c3 Ra4 19. Bc2 Ra5 20. h5 Rxe5 21. Qxe5 Bd6 22. Bxf6 Bxe5 23. Bxe5 Qc5 24. Rxg7+ Kf8 25. Rxh7 Qxf2 26. Rd1 Qxg2 27. Rh8+ Ke7 28. Rxc8 Bxc8 29. h6 f6 30. h7 Qh3 31. Be4 Qh4 32. Bd6+ Kf7 33. Ka1 Qh3 34. Be7 Kxe7 35. Kb1 Bb7 1-0

[Event "Vienna op-A 15th"]
[Site "Vienna"]
[Date "2006.08.02"]
[Round "5"]
[White "Albadri, Abd Al Sattar"]
[Black "Kilgus, Georg"]
[Result "0-1"]
[WhiteElo "2195"]
[BlackElo "2360"]
[PlyCount "80"]
[EventDate "2006.07.29"]
[EventType "swiss"]
[EventRounds "9"]
[EventCountry "AUT"]
[SourceTitle "CBM 113 Extra"]
[Source "ChessBase"]
[SourceDate "2006.09.14"]
[SourceVersion "1"]
[SourceVersionDate "2006.09.14"]
[SourceQuality "1"]

1. d4 Nf6 2. c4 e6 3. Nc3 Bb4 4. Qc2 c5 5. dxc5 0-0 6. a3 Bxc5 7. Nf3 b6 8. b4 Be7 9. e4 a5 10. b5 d6 11. Be2 Bb7 12. 0-0 Nbd7 13. Nd4 Qc7 14. f4 Rfe8 15. g4 d5 16. e5 Bc5 17. Be3 Nxe5 18. fxe5 Qxe5 19. Qd2 dxc4 20. Rad1 Rad8 21. Bf2 h5 22. g5 Ng4 23. Bxg4 hxg4 24. Qe3 Qxe3 25. Bxe3 Bf3 26. Rxf3 gxf3 27. Kf2 e5 28. Nc6 Bxe3+ 29. Kxe3 Rxd1 30. Nxd1 e4 31. Nc3 Re6 32. a4 f5 33. gxf6 gxf6 34. Nd4 Re5 35. Nc6 Re8 36. Nd5 Kf7 37. Nxb6 c3 38. Nxa5 c2 39. Nb3 Rd8 40. Nc1 Rd1 0-1

[Event "Vienna op-A 15th"]
[Site "Vienna"]
[Date "2006.07.29"]
[Round "1"]
[White "Adloff, Ralf"]
[Black "Albadri, Abd Al Sattar"]
[Result "1/2-1/2"]
[WhiteElo "1997"]
[BlackElo "2195"]
[PlyCount "85"]
[EventDate "2006.07.29"]
[EventType "swiss"]
[EventRounds "9"]
[EventCountry "AUT"]
[SourceTitle "CBM 113 Extra"]
[Source "ChessBase"]
[SourceDate "2006.09.14"]
[SourceVersion "1"]
[SourceVersionDate "2006.09.14"]
[SourceQuality "1"]

1. d4 Nf6 2. Bg5 e6 3. Nd2 d5 4. e3 c5 5. c3 Bd6 6. Bd3 h6 7. Bh4 0-0 8. Ngf3 Nbd7 9. 0-0 e5 10. dxe5 Nxe5 11. Nxe5 Bxe5 12. f4 Bc7 13. e4 c4 14. Be2 dxe4 15. Nxe4 b5 16. Nxf6+ gxf6 17. Qxd8 Bxd8 18. Rad1 Rb8 19. Bf2 Bb6 20. Rd6 Rd8 21. Rfd1 Rxd6 22. Rxd6 Be6 23. Bxb6 Rxb6 24. Rxb6 axb6 25. Bf3 Bd7 26. Kf2 Kf8 27. Ke3 Ke7 28. Bd5 f5 29. Kd4 f6 30. a4 bxa4 31. Bxc4 Kd6 32. Bd3 Be6 33. g3 Bd7 34. Bc2 b5 35. Bd3 Kc6 36. Be2 Be6 37. Bh5 Bd7 38. Bg6 Kd6 39. Bf7 Kc6 40. Bd5+ Kb6 41. Bf3 Be6 42. Bd1 Kc6 43. Bc2 1/2-1/2